LEADER 00862nam a2200205 i 4500 001 000000132166 003 CaOOAMICUS 005 20041202000000.0 008 041202s1923 it u000 u ita u 013 $a105109 040 $aSeMil$bita 100 1 $aMonsabré, Jacques Marie Louis,$d<1827-1907>.$0(OLS)http://semarc/name/837 245 10$a"Amen". Sintesi e conclusioni :$bQuaresima 1890. 300 $a245 p. 500 $a[Contiene : Dalla conferenza 103 alla 108]. 773 0 $aMonsabré, Jacques Marie Louis <1827-1907>$tEsposizione del dogma cattolico.$dTorino ; Roma : Marietti, 1922-1929.$w()12571 850 $aSeMil 852 $aSeMil$W1$xVenegono$y1$m3F I 428/18$j86086$B86086$CSeMilBibl$Z2$F89847 $81 961 $aRecupero: Biblioteca Seminario Saronno 996 $6245$a"Amen". Sintesi e conclusioni :$bQuaresima 1890$9(OLS)http://semarc/title/194211 LEADER 00785nam a2200205 i 4500 001 000000179766 003 CaOOAMICUS 005 20250903154914.0 008 090525s1984 xxk u000 u mul u 040 $aSeMil$bita 245 10$a5: Enneads 5. (1-9) 300 $aX, 319 p. 490 1 $aThe Loeb Classical Library ;$v444 773 0 $aPlotinus <204-270>$tPlotinus.$dCambridge, Massachusetts : Harvard University Press ; London : Heinemann, 1980-$g5$w()21394 830 4$aThe Loeb Classical Library ;$v444.$0(OLS)http://semarc/title/26868 850 $aSeMil 852 $aSeMil$W1$xVenegono$y1$m1Y III 28/5$j261371$B130524$CSeMilBibl$Z2$F141960 $81 961 $aOmaggio: Villa don Cesare 996 $6245$a5: Enneads 5. (1-9)$9(OLS)http://semarc/title/258105